Bản đồ học

Uloženo v:
Podrobná bibliografie
Hlavní autor: Ngô Đạt Tam
Médium: Kniha
Jazyk:Undetermined
Vydáno: Hà Nội Giáo dục 1986
Témata:
Tagy: Přidat tag
Žádné tagy, Buďte první, kdo otaguje tento záznam!
Thư viện lưu trữ: Trung tâm Học liệu Trường Đại học Cần Thơ
LEADER 00433nam a2200169Ia 4500
001 CTU_1995
008 210402s9999 xx 000 0 und d
082 |a 526 
082 |b T104 
100 |a Ngô Đạt Tam 
245 0 |a Bản đồ học 
245 0 |c Ngô Đạt Tam 
260 |a Hà Nội 
260 |b Giáo dục 
260 |c 1986 
650 |a cartography 
980 |a Trung tâm Học liệu Trường Đại học Cần Thơ